[Event "Oberliga Nord O 1213"]
[Site "Germany"]
[Date "2013.01.13"]
[Round "5.6"]
[White "Escher, Clemens"]
[Black "Lehmann, Rainer"]
[Result "1-0"]
[WhiteElo "2230"]
[BlackElo "2090"]
[PlyCount "67"]
[EventDate "2012.10.17"]
[EventType "team-tourn"]
[EventRounds "9"]
[EventCountry "GER"]
[SourceTitle "EXT 2015"]
[Source "ChessBase"]
[SourceDate "2014.11.20"]
[SourceVersion "1"]
[SourceVersionDate "2014.11.20"]
[SourceQuality "1"]
[WhiteTeam "Koenig Tegel"]
[BlackTeam "Cottbus Lokomotive"]
[WhiteTeamCountry "GER"]
[BlackTeamCountry "GER"]

1. d4 e6 2. c4 d5 3. Nc3 c6 4. e4 dxe4 5. Nxe4 Nf6 6. Nc3 Bd6 7. Nf3 Nbd7 8. Bg5 Qc7 9. Bd3 b6 10. d5 exd5 11. Qe2+ Kf8 12. cxd5 Nxd5 13. Nxd5 cxd5 14. 0-0 Nc5 15. Rac1 Qb7 16. Rfe1 Bg4 17. Bb5 Qb8 18. Bc6 Ne6 19. Bxa8 Qxa8 20. Qc2 Nc5 21. Nd4 Ne4 22. Be3 Bd7 23. f3 Nf6 24. Bg5 Ne8 25. Nf5 Bc5+ 26. Kh1 f6 27. Bf4 Kf7 28. a3 a5 29. Be3 g6 30. Ng3 d4 31. Bxd4 Bd6 32. Qb3+ Kg7 33. Qxb6 Bf4 34. Rxe8 1-0

[Event "Travemuende op 28th"]
[Site "Travemuende"]
[Date "2011.12.29"]
[Round "5"]
[White "Hausrath, Daniel"]
[Black "Escher, Clemens"]
[Result "1-0"]
[WhiteElo "2506"]
[BlackElo "2234"]
[PlyCount "59"]
[EventDate "2011.12.27"]
[EventType "swiss"]
[EventRounds "7"]
[EventCountry "GER"]
[SourceTitle "CBM 146 Extra"]
[Source "ChessBase"]
[SourceDate "2012.02.29"]
[SourceVersion "1"]
[SourceVersionDate "2012.02.29"]
[SourceQuality "1"]

1. Nf3 Nf6 2. g3 d5 3. Bg2 c6 4. c4 dxc4 5. 0-0 g6 6. Qc2 b5 7. a4 Bb7 8. b3 cxb3 9. Qxb3 Qd5 10. Qb2 Bg7 11. axb5 Qxb5 12. Qc2 0-0 13. Nc3 Qh5 14. h3 Bc8 15. Ra4 Qf5 16. Qxf5 Bxf5 17. Ba3 Nd5 18. Nd4 Nxc3 19. dxc3 Bd7 20. Bxe7 Re8 21. Bc5 Bxd4 22. cxd4 Rxe2 23. Rb1 a5 24. Rba1 Kg7 25. Bd6 Re6 26. Bc7 Re8 27. Rxa5 Rxa5 28. Rxa5 Rc8 29. Ra7 Be6 30. Be5+ 1-0

[Event "Berlin-ch"]
[Site "Berlin"]
[Date "2011.05.01"]
[Round "9"]
[White "Paulsen, Dirk"]
[Black "Escher, Clemens"]
[Result "1-0"]
[WhiteElo "2359"]
[BlackElo "2194"]
[PlyCount "73"]
[EventDate "2011.04.23"]
[EventType "swiss"]
[EventRounds "9"]
[EventCountry "GER"]
[SourceTitle "CBM 142 Extra"]
[Source "ChessBase"]
[SourceDate "2011.06.27"]
[SourceVersion "1"]
[SourceVersionDate "2011.06.27"]
[SourceQuality "1"]

1. d4 d5 2. c4 c6 3. Nf3 Nf6 4. e3 Bf5 5. Nc3 e6 6. Nh4 Bg6 7. Nxg6 hxg6 8. a3 Nbd7 9. b4 a5 10. b5 c5 11. cxd5 exd5 12. dxc5 Nxc5 13. Bb2 Be7 14. g3 Rh5 15. Bg2 Nce4 16. h4 Rc8 17. Ne2 Ng4 18. 0-0 Bxh4 19. Nf4 Bxg3 20. fxg3 Nxe3 21. Qd3 Nxf1 22. Nxh5 gxh5 23. Rxf1 Rc4 24. Rf5 Qb6+ 25. Kh2 h4 26. gxh4 Qd6+ 27. Re5+ Kf8 28. Qxd5 Qxd5 29. Rxd5 Nf6 30. Bxf6 gxf6 31. h5 Kg7 32. b6 Ra4 33. Rb5 Rxa3 34. Bxb7 a4 35. Bg2 Rb3 36. Rxb3 axb3 37. b7 1-0

[Event "Berlin-ch"]
[Site "Berlin"]
[Date "2011.04.30"]
[Round "8"]
[White "Escher, Clemens"]
[Black "Dimitrijeski, Kristian"]
[Result "1-0"]
[WhiteElo "2194"]
[BlackElo "2200"]
[PlyCount "122"]
[EventDate "2011.04.23"]
[EventType "swiss"]
[EventRounds "9"]
[EventCountry "GER"]
[SourceTitle "CBM 142 Extra"]
[Source "ChessBase"]
[SourceDate "2011.06.27"]
[SourceVersion "1"]
[SourceVersionDate "2011.06.27"]
[SourceQuality "1"]

1. d4 c6 2. c4 d5 3. Nf3 Nf6 4. e3 Bg4 5. h3 Bxf3 6. Qxf3 e6 7. Nc3 Be7 8. Bd3 Nbd7 9. 0-0 0-0 10. b3 Bb4 11. Bb2 Qa5 12. Rfc1 Ba3 13. Bxa3 Qxa3 14. cxd5 exd5 15. Qe2 Rfe8 16. Rab1 Qd6 17. Na4 Rac8 18. Rc2 Ne4 19. b4 f5 20. Bxe4 Rxe4 21. Nc5 Nxc5 22. bxc5 Qd7 23. Rcb2 Rc7 24. Qd2 a6 25. Rb3 g5 26. f3 Re7 27. e4 f4 28. e5 Qf5 29. Qd3 Qxd3 30. Rxd3 Kf7 31. Kf2 Ke6 32. h4 h6 33. Rh1 Rh7 34. Rdd1 Rcg7 35. hxg5 hxg5 36. g3 fxg3+ 37. Kxg3 Kf5 38. Rde1 Re7 39. a3 Reg7 40. Rxh7 Rxh7 41. Re2 Ke6 42. Kg4 Rf7 43. Re3 Rf4+ 44. Kxg5 Rxd4 45. f4 Rd1 46. f5+ Ke7 47. Rb3 Rg1+ 48. Kf4 Rf1+ 49. Kg4 Rg1+ 50. Kh3 Rg5 51. Rxb7+ Ke8 52. Rb8+ Ke7 53. f6+ Ke6 54. Re8+ Kf7 55. Re7+ Kf8 56. Kh4 Rg1 57. Ra7 Re1 58. Kg5 Rxe5+ 59. Kg6 Re1 60. Ra8+ Re8 61. Rxe8+ Kxe8 1-0

[Event "Berlin Lichtenberger op 8th"]
[Site "Berlin"]
[Date "2009.08.19"]
[Round "5"]
[White "Heuser, Philip"]
[Black "Escher, Clemens"]
[Result "1/2-1/2"]
[WhiteElo "2081"]
[BlackElo "2193"]
[PlyCount "109"]
[EventDate "2009.08.15"]
[EventType "swiss"]
[EventRounds "9"]
[EventCountry "GER"]
[SourceTitle "CBM 131 Extra"]
[Source "ChessBase"]
[SourceDate "2009.09.03"]
[SourceVersion "2"]
[SourceVersionDate "2009.09.16"]
[SourceQuality "1"]

1. d4 d5 2. c4 c6 3. Nc3 Nf6 4. cxd5 cxd5 5. Bf4 Nc6 6. e3 a6 7. Bd3 Bg4 8. f3 Bd7 9. Nge2 e6 10. Bg3 Be7 11. 0-0 0-0 12. Kh1 b5 13. Rc1 b4 14. Na4 Qa5 15. Nc5 Rfc8 16. Bb1 Be8 17. Rc2 Na7 18. Nc1 Bb5 19. Rg1 Qb6 20. N1d3 a5 21. Qd2 Bxd3 22. Nxd3 Rxc2 23. Bxc2 Rc8 24. Ba4 Nb5 25. Rc1 Rc4 26. Ne5 Rxc1+ 27. Qxc1 Nd6 28. Qc6 Qd8 29. Kg1 Kf8 30. Be1 Qc8 31. Qxc8+ Nxc8 32. Nc6 Nb6 33. Bb5 Ne8 34. Nxa5 Nd6 35. Ba6 Ndc4 36. Bxc4 dxc4 37. Nc6 Nd5 38. e4 c3 39. bxc3 Nxc3 40. Na5 Nxa2 41. Nb3 Ke8 42. Kf1 Kd7 43. Ke2 Kc6 44. Kd3 Kb5 45. Bd2 Bd6 46. h3 Ka4 47. Kc4 Ka3 48. Bc1+ Nxc1 49. Nxc1 Kb2 50. Nd3+ Ka3 51. e5 Be7 52. Nc1 Kb2 53. Nd3+ Ka3 54. Nc1 Kb2 55. Nd3+ 1/2-1/2

[Event "Berlin Lichtenberger op 8th"]
[Site "Berlin"]
[Date "2009.08.16"]
[Round "3"]
[White "Baranowsky, Peter"]
[Black "Escher, Clemens"]
[Result "0-1"]
[WhiteElo "1935"]
[BlackElo "2193"]
[PlyCount "48"]
[EventDate "2009.08.15"]
[EventType "swiss"]
[EventRounds "9"]
[EventCountry "GER"]
[SourceTitle "CBM 131 Extra"]
[Source "ChessBase"]
[SourceDate "2009.09.03"]
[SourceVersion "2"]
[SourceVersionDate "2009.09.16"]
[SourceQuality "1"]

1. e4 e6 2. d4 d5 3. Nc3 Nf6 4. e5 Nfd7 5. f4 c5 6. Nf3 Nc6 7. Be3 Be7 8. g3 Rb8 9. Qe2 Qb6 10. Qd2 Qxb2 11. Rb1 Qa3 12. Bb5 a6 13. Bxc6 bxc6 14. Rxb8 Nxb8 15. dxc5 Bxc5 16. Bxc5 Qxc5 17. Nd4 0-0 18. 0-0 Nd7 19. Kg2 Nb6 20. Rb1 Nc4 21. Qd3 f6 22. exf6 gxf6 23. Rb8 e5 24. Nb3 Qd6 0-1

[Event "Berlin qualification op"]
[Site "Berlin"]
[Date "2009.04.12"]
[Round "2"]
[White "Escher, Clemens"]
[Black "Koriath, Norbert"]
[Result "1-0"]
[WhiteElo "2171"]
[BlackElo "1829"]
[PlyCount "159"]
[EventDate "2009.04.11"]
[EventType "swiss"]
[EventRounds "9"]
[EventCountry "GER"]
[SourceTitle "EXT 2012"]
[Source "ChessBase"]
[SourceDate "2011.11.24"]
[SourceVersion "1"]
[SourceVersionDate "2011.11.24"]
[SourceQuality "1"]

1. d4 d5 2. c4 e6 3. Nc3 Nf6 4. cxd5 exd5 5. Bg5 Be7 6. e3 Bf5 7. Qb3 Nbd7 8. Nf3 0-0 9. Nxd5 Nxd5 10. Qxd5 Be6 11. Bxe7 Qxe7 12. Qa5 b6 13. Qd2 c5 14. Be2 Rfd8 15. 0-0 Nf6 16. Qc2 Rac8 17. Qa4 Bd7 18. Qxa7 Nd5 19. Qa3 Ra8 20. Qd3 Nb4 21. Qd2 Nxa2 22. Rfd1 Be6 23. Qc2 Nb4 24. Qe4 f5 25. Qxa8 Rxa8 26. Rxa8+ Kf7 27. Rda1 Kf6 28. dxc5 Bd5 29. R8a7 Qxc5 30. Nd4 f4 31. h3 Be4 32. Rd7 Nd5 33. Raa7 fxe3 34. Rf7+ Kg6 35. Rxg7+ Kh6 36. f3 Qc1+ 37. Kh2 Bg6 38. b3 Qd2 39. Rgd7 Qxd4 40. Ra4 Qe5+ 41. Kh1 Nc3 42. Rh4+ Kg5 43. f4+ Qxf4 44. Rxf4 Kxf4 45. Bf3 e2 46. Bxe2 Nxe2 47. Kh2 Be4 48. Rd6 b5 49. Rb6 Nd4 50. g3+ Ke5 51. h4 Bd3 52. g4 Nxb3 53. Kg3 Nd4 54. g5 Nf5+ 55. Kg4 Be2+ 56. Kh3 Nd6 57. Rb8 Kf4 58. Rf8+ Ke5 59. Rh8 Bd3 60. h5 Nf7 61. Re8+ Kf5 62. Kh4 Bc4 63. Rf8 Bd3 64. Rxf7+ Ke5 65. Rb7 Kd6 66. g6 hxg6 67. h6 g5+ 68. Kxg5 Kc6 69. h7 Bxh7 70. Rxh7 b4 71. Kf4 Kc5 72. Ke3 Kc4 73. Kd2 Kb3 74. Kc1 Ka2 75. Rh2+ Kb3 76. Kb1 Kc3 77. Rh8 Kb3 78. Rb8 Ka3 79. Kc1 Ka4 80. Kb2 1-0

[Event "Berlin-ch"]
[Site "Berlin"]
[Date "2004.04.17"]
[Round "9"]
[White "Escher, Clemens"]
[Black "Gaerths, Ronny"]
[Result "1/2-1/2"]
[WhiteElo "2147"]
[BlackElo "2269"]
[PlyCount "28"]
[EventDate "2004.04.09"]
[EventType "swiss"]
[EventRounds "9"]
[EventCountry "GER"]
[SourceTitle "CBM 099 Extra"]
[Source "ChessBase"]
[SourceDate "2004.05.04"]
[SourceVersion "1"]
[SourceVersionDate "2004.05.04"]
[SourceQuality "1"]

1. e4 d6 2. d4 g6 3. Nf3 Bg7 4. Nc3 Nd7 5. Be3 e6 6. Qd2 h6 7. Bd3 a6 8. a4 b6 9. 0-0 Bb7 10. h3 Ngf6 11. Rae1 e5 12. Nh2 exd4 13. Bxd4 0-0 14. Bc4 Rc8 1/2-1/2

[Event "Berlin-ch"]
[Site "Berlin"]
[Date "2004.04.09"]
[Round "1"]
[White "Dauth, Benjamin"]
[Black "Escher, Clemens"]
[Result "0-1"]
[WhiteElo "2281"]
[BlackElo "2147"]
[PlyCount "82"]
[EventDate "2004.04.09"]
[EventType "swiss"]
[EventRounds "9"]
[EventCountry "GER"]
[SourceTitle "CBM 099 Extra"]
[Source "ChessBase"]
[SourceDate "2004.05.04"]
[SourceVersion "1"]
[SourceVersionDate "2004.05.04"]
[SourceQuality "1"]

1. e4 e6 2. c4 d5 3. exd5 exd5 4. cxd5 Nf6 5. Bb5+ Bd7 6. Bc4 Na6 7. Nc3 Nc5 8. d3 Bd6 9. b4 Na6 10. a3 0-0 11. Nge2 Ng4 12. Ne4 Re8 13. Bg5 Be7 14. Bxe7 Qxe7 15. h3 Ne5 16. Bxa6 bxa6 17. Nc5 Qg5 18. Kf1 Qf5 19. Ng3 Qf4 20. Kg1 Qd4 21. Nxa6 Nxd3 22. Kh2 Bxh3 23. Qc2 Bxg2 24. Kxg2 Re2 25. Qxe2 Nf4+ 26. Kf1 Nxe2 27. Kxe2 Qc4+ 28. Kf3 Qxa6 29. Rhf1 Qf6+ 30. Kg2 g6 31. Rac1 Qf4 32. Rc3 h5 33. Rf3 Qg4 34. Rc1 h4 35. Rxc7 hxg3 36. fxg3 Re8 37. Rfxf7 Qe4+ 38. Kh2 Qxd5 39. Rf2 Qh5+ 40. Kg2 Qd5+ 41. Kh2 Re1 0-1

[Event "Berlin op 08"]
[Site "Berlin"]
[Date "2002.08.19"]
[Round "3"]
[White "Syre, Christian"]
[Black "Escher, Clemens"]
[Result "0-1"]
[WhiteElo "2176"]
[BlackElo "2113"]
[PlyCount "72"]
[EventDate "2002.08.17"]
[EventType "swiss"]
[EventRounds "9"]
[EventCountry "GER"]
[SourceTitle "EXT 2007"]
[Source "ChessBase"]
[SourceDate "2006.11.23"]
[SourceVersion "1"]
[SourceVersionDate "2006.11.23"]
[SourceQuality "1"]

1. d4 d5 2. c4 c6 3. cxd5 cxd5 4. Nf3 Nf6 5. Nc3 Nc6 6. Bf4 a6 7. e3 Bg4 8. h3 Bxf3 9. Qxf3 e6 10. Bd3 Bd6 11. 0-0 0-0 12. Rad1 Rc8 13. Bb1 Bxf4 14. exf4 Qb6 15. Rd2 Ne7 16. Re1 Rfe8 17. Qd3 Qd6 18. Re5 Ng6 19. g3 Qb4 20. Re1 Qb6 21. Qf3 Ne7 22. Qd1 Nf5 23. Bxf5 exf5 24. Re5 Ne4 25. Nxd5 Qd6 26. Rd3 Rxe5 27. dxe5 Qc5 28. Qe2 Nxg3 29. Nf6+ gxf6 30. Rxg3+ Kh8 31. exf6 Qc1+ 32. Kg2 Qxf4 33. Rg7 Qa4 34. Rxf7 Rg8+ 35. Kh2 Qf4+ 36. Kh1 Qc1+ 0-1

[Event "Berlin Eckbauer op 4th"]
[Site "Berlin"]
[Date "2001.11.05"]
[Round "6"]
[White "Kliesch, Bernd Walter"]
[Black "Escher, Clemens"]
[Result "1/2-1/2"]
[WhiteElo "1981"]
[BlackElo "2047"]
[PlyCount "83"]
[EventDate "2001.10.??"]
[EventType "swiss"]
[EventRounds "7"]
[EventCountry "GER"]
[SourceTitle "EXT 2005"]
[Source "ChessBase"]
[SourceDate "2004.11.15"]
[SourceVersion "1"]
[SourceVersionDate "2004.11.15"]
[SourceQuality "1"]

1. e4 d5 2. exd5 Qxd5 3. Nc3 Qa5 4. d4 c6 5. Nf3 Nf6 6. Be2 Bf5 7. Ne5 e6 8. 0-0 Nbd7 9. Nxd7 Nxd7 10. Bf3 Nf6 11. Qe2 Be7 12. Bf4 0-0 13. Be4 Nxe4 14. Nxe4 Rad8 15. c3 Bg6 16. Ng3 Rd7 17. Rfd1 Rfd8 18. a3 Qa4 19. Rd2 c5 20. Be3 c4 21. f4 Rd5 22. Re1 Qc6 23. Qf3 Qc8 24. Bf2 Bf6 25. Ne4 Bxe4 26. Rxe4 b5 27. Qg4 Qd7 28. Ree2 Rb8 29. Bh4 Qd8 30. Bxf6 Qxf6 31. Re5 Rbd8 32. Rde2 Kf8 33. Rxd5 Rxd5 34. Re5 Rxe5 35. fxe5 Qh6 36. Qe2 Qf4 37. g3 Qf5 38. Kg2 Qb1 39. g4 Ke7 40. Kg3 Qg1+ 41. Qg2 Qe3+ 42. Qf3 1/2-1/2

[Event "Berlin Eckbauer op 4th"]
[Site "Berlin"]
[Date "2001.10.29"]
[Round "5"]
[White "Escher, Clemens"]
[Black "Dziallas, Michael"]
[Result "1-0"]
[WhiteElo "2047"]
[BlackElo "1893"]
[PlyCount "73"]
[EventDate "2001.10.??"]
[EventType "swiss"]
[EventRounds "7"]
[EventCountry "GER"]
[SourceTitle "EXT 2005"]
[Source "ChessBase"]
[SourceDate "2004.11.15"]
[SourceVersion "1"]
[SourceVersionDate "2004.11.15"]
[SourceQuality "1"]

1. e4 c5 2. Nf3 Nc6 3. Bb5 g6 4. Bxc6 dxc6 5. d3 Bg7 6. h3 Nf6 7. Nc3 Qc7 8. Be3 b6 9. Qd2 0-0 10. Bf4 Qd7 11. Bh6 Rd8 12. Bxg7 Kxg7 13. 0-0-0 Qe6 14. Qg5 h6 15. Qf4 b5 16. Kb1 a5 17. Qe3 c4 18. dxc4 Rxd1+ 19. Rxd1 Qxc4 20. Ne5 Qe6 21. Nd3 b4 22. Nc5 Qc4 23. N3a4 Be6 24. b3 Qb5 25. Nxe6+ fxe6 26. Nc5 Kf7 27. Nd3 Kg7 28. Nc5 Kf7 29. f3 Qb6 30. Qd4 Qb5 31. Qe5 Ke8 32. Nd3 Kf7 33. Qc7 Re8 34. Qxc6 Qg5 35. g4 Nh7 36. f4 Qf6 37. Ne5+ 1-0

[Event "Berlin Eckbauer op 4th"]
[Site "Berlin"]
[Date "2001.10.08"]
[Round "2"]
[White "Korell, Klaus Peter"]
[Black "Escher, Clemens"]
[Result "1/2-1/2"]
[WhiteElo "1882"]
[BlackElo "2047"]
[PlyCount "53"]
[EventDate "2001.10.??"]
[EventType "swiss"]
[EventRounds "7"]
[EventCountry "GER"]
[SourceTitle "EXT 2005"]
[Source "ChessBase"]
[SourceDate "2004.11.15"]
[SourceVersion "1"]
[SourceVersionDate "2004.11.15"]
[SourceQuality "1"]

1. d4 d5 2. c4 c6 3. e3 Bf5 4. Nc3 e6 5. Bd3 Bxd3 6. Qxd3 Nf6 7. Nf3 Nbd7 8. 0-0 Be7 9. b3 0-0 10. Bb2 Qb6 11. e4 dxe4 12. Nxe4 Nxe4 13. Qxe4 Nf6 14. Qe5 Rfe8 15. Rfe1 a5 16. Bc3 Bb4 17. Rac1 a4 18. Bxb4 Qxb4 19. Rb1 a3 20. h3 h6 21. Re3 b5 22. Rc1 Qa5 23. Qc5 Rec8 24. Qd6 Rd8 25. Qe5 b4 26. Qxa5 Rxa5 27. Kf1 1/2-1/2

[Event "Dresden op 06th"]
[Site "Dresden"]
[Date "1997.??.??"]
[Round "3"]
[White "Escher, Clemens"]
[Black "Rausch, Stephan"]
[Result "0-1"]
[WhiteElo "2175"]
[BlackElo "2350"]
[PlyCount "56"]
[EventDate "1997.07.??"]
[EventType "swiss"]
[EventRounds "9"]
[EventCountry "GER"]
[SourceTitle "EXT 1998"]
[Source "ChessBase"]
[SourceDate "1997.11.17"]
[SourceVersion "1"]
[SourceVersionDate "1997.11.17"]
[SourceQuality "1"]

1. e4 e6 2. d4 d5 3. e5 c5 4. c3 Nc6 5. Nf3 Bd7 6. Bd3 cxd4 7. cxd4 Qb6 8. 0-0 Nxd4 9. Nxd4 Qxd4 10. Nc3 Qb6 11. Kh1 Bb4 12. f4 Ne7 13. a3 Bxc3 14. bxc3 Qc5 15. Rb1 b6 16. Qb3 Rc8 17. Bd2 Nc6 18. Qd1 Na5 19. Qg4 g6 20. c4 dxc4 21. Bb4 Qc7 22. Rbc1 h5 23. Qg3 h4 24. Qg5 Qd8 25. Qxg6 h3 26. Be4 Bc6 27. Rfd1 hxg2+ 28. Kxg2 fxg6 0-1